|
|
|
|
| LEADER |
00000nam a2200000Ia 4500 |
| 001 |
9953, 9742, 9743, 10062, 10063, 10064, 10065, 10871, 10872, 19210, 19211, 12380, 12733, 13202, 14664, 15786, 16705, 1705, 17857, 19443, 20472, 22081, 22856 |
| 008 |
160829s9999 xx 000 0 cat d |
| 020 |
|
|
|a 1130-166X
|
| 080 |
|
|
|a M-1-275, M-1-276, M-1-277, M-1-278, M-1-279, M-1-280, M-1-281, M-1-282, M-1-283, M-5-432, M-5-433, M-1-284, M-1-285, M-3-418, M-4-261, M-4-321, M-5-66, M-5-160, M-5-223, M-5-445, M-6-39, M-6-285, M-6-365
|
| 245 |
|
|
|a Anuari estadístic de Catalunya
|
| 260 |
|
|
|a Barcelona :
|b CIDC, Consorci d'Informació i Documentació de Catalunya, [1985] -
|
| 300 |
|
|
|a v. ;
|c 25 cm
|
| 590 |
|
|
|a Avant-títol a partir de 1990: Estadístiques de síntesi.
|
| 590 |
|
|
|a A partir de 1989 l'editor varia: Institut d'Estadística de Catalunya.
|
| 590 |
|
|
|a Títol variant: AEC.
|
| 590 |
|
|
|a Els volums de 2006, 2007 i 2008 inclouen un CD-ROM
|
| 651 |
|
0 |
|a Catalunya
|v Estadístiques
|9 55591
|
| 710 |
|
|
|a Institut d'Estadística de Catalunya
|9 11666
|
| 710 |
2 |
|
|a Consorci d'Informació i Documentació de Catalunya
|9 54862
|
| 866 |
|
|
|a 1984, 1985, 1987, 1988, 1989, 1990, 1991, 1992, 1993, 1996, 1998, 1999, 2000, 2001, 2002, 2003, 2004, 2005, 2006, 2007, 2008, 2009, 2010
|
| 901 |
|
|
|a Arxiu
|
| 942 |
|
|
|n 1
|
| 952 |
|
|
|0 0
|1 0
|4 0
|6 M1275_M1276_M1277_M1278_M1279_M1280_M1281_M1282_M1283_M5432_M5433_M1284_M1285_M3418_M4261_M4321_M566_M5160_M5223_M5445_M639_M6285_M6365
|7 1
|9 49238
|a Arxiu
|b Arxiu
|d 2016-12-01
|l 0
|o M-1-275, M-1-276, M-1-277, M-1-278, M-1-279, M-1-280, M-1-281, M-1-282, M-1-283, M-5-432, M-5-433, M-1-284, M-1-285, M-3-418, M-4-261, M-4-321, M-5-66, M-5-160, M-5-223, M-5-445, M-6-39, M-6-285, M-6-365
|p 9953, 9742, 9743, 10
|r 2016-12-01 00:00:00
|w 2016-12-01
|y ARXIU
|
| 999 |
|
|
|c 53078
|d 53078
|